000
00289nam a22001217a 4500
008
180314b xxu||||| |||| 00| 0 eng d
041
_a
eng
080
_a
7
100
_a
44
101
_a
ART
245
_a
The new vision photography between the world wars
_c
Hambourg,M.M
942
_2
udc
_c
BK
999
_c
45032
_d
45032